[Event "Samara Polugaevsky Memorial 9th"]
[Site "Samara"]
[Date "2019.07.14"]
[Round "5"]
[White "Ovetchkin, Roman"]
[Black "Yuferev, Oleg"]
[Result "1-0"]
[WhiteElo "2538"]
[BlackElo "2195"]
[PlyCount "87"]
[EventDate "2019.07.10"]
[EventType "swiss"]
[EventRounds "9"]
[EventCountry "RUS"]
[SourceTitle "EXT 2020"]
[Source "ChessBase"]
[SourceDate "2019.10.17"]
[SourceVersion "1"]
[SourceVersionDate "2019.10.17"]
[SourceQuality "1"]

1. e4 c6 2. d4 d5 3. exd5 cxd5 4. c4 Nf6 5. Nc3 e6 6. Nf3 Be7 7. cxd5 Nxd5 8. Bd3 Nc6 9. 0-0 0-0 10. Re1 Ncb4 11. Bb1 Bd7 12. Ne5 Nf6 13. Bg5 Rc8 14. Re3 Nbd5 15. Nxd5 exd5 16. Nxd7 Qxd7 17. Bxf6 Bxf6 18. Bxh7+ Kxh7 19. Qh5+ Kg8 20. Rh3 Qxh3 21. Qxh3 Bxd4 22. Qb3 Bb6 23. Re1 Rfe8 24. Rxe8+ Rxe8 25. Kf1 Rd8 26. h4 d4 27. Qd3 g6 28. g4 Rd6 29. Ke2 Bd8 30. g5 Be7 31. f4 Re6+ 32. Kd1 Bc5 33. f5 gxf5 34. Qxf5 Bb4 35. a3 Re1+ 36. Kc2 Bf8 37. Qg4 Bg7 38. Qc8+ Kh7 39. Qxb7 Re2+ 40. Kd3 Re3+ 41. Kd2 Rh3 42. Qxf7 Rxh4 43. Qf5+ Kg8 44. g6 1-0

[Event "RUS-ch Eurasia Cup op"]
[Site "Ekaterinburg"]
[Date "2018.08.08"]
[Round "7"]
[White "Shapiro, David"]
[Black "Yuferev, Oleg"]
[Result "1-0"]
[WhiteElo "2326"]
[BlackElo "2223"]
[PlyCount "82"]
[EventDate "2018.08.01"]
[EventType "swiss"]
[EventRounds "9"]
[EventCountry "RUS"]
[SourceTitle "CBM 185 Extra"]
[Source "ChessBase"]
[SourceDate "2018.07.29"]
[SourceVersion "1"]
[SourceVersionDate "2018.07.29"]
[SourceQuality "1"]

1. d4 d5 2. Bf4 Nf6 3. e3 c5 4. c3 Qb6 5. Qb3 Nc6 6. Nd2 g6 7. Ngf3 Bg7 8. h3 0-0 9. Be2 c4 10. Qc2 Bf5 11. Qc1 Qd8 12. Ne5 Nxe5 13. Bxe5 Rc8 14. g4 Be6 15. Bf3 Bh6 16. Bf4 Bg7 17. Qd1 Ne8 18. e4 dxe4 19. Bxe4 Bd5 20. Qe2 Nf6 21. Bxd5 Nxd5 22. Bg3 b5 23. a3 a5 24. 0-0 b4 25. axb4 axb4 26. Rfc1 bxc3 27. bxc3 Bh6 28. Rc2 Bxd2 29. Qxd2 Ra8 30. Re1 Qd7 31. Qe2 Rfc8 32. Qf3 Ra3 33. Re5 Rd8 34. h4 Qb7 35. Kg2 Ra1 36. Kh2 e6 37. Bf4 Qb3 38. Bh6 f5 39. Qe2 Nxc3 40. Rxc3 Qxc3 41. Rxe6 Rf8 1-0

[Event "RUS-ch Eurasia Cup op"]
[Site "Ekaterinburg"]
[Date "2018.08.06"]
[Round "5"]
[White "Filippova, Margarita"]
[Black "Yuferev, Oleg"]
[Result "1/2-1/2"]
[WhiteElo "2028"]
[BlackElo "2223"]
[PlyCount "64"]
[EventDate "2018.08.01"]
[EventType "swiss"]
[EventRounds "9"]
[EventCountry "RUS"]
[SourceTitle "CBM 185 Extra"]
[Source "ChessBase"]
[SourceDate "2018.07.29"]
[SourceVersion "1"]
[SourceVersionDate "2018.07.29"]
[SourceQuality "1"]

1. d4 Nf6 2. Nf3 c5 3. d5 b5 4. c4 Bb7 5. Qc2 Na6 6. a3 bxc4 7. e4 Qa5+ 8. Bd2 Nb4 9. Qxc4 Qa4 10. b3 Qa5 11. Qc3 Nxe4 12. axb4 Nxc3 13. bxa5 Nxd5 14. a6 Bc8 15. Bc4 Nc7 16. Nc3 Rb8 17. 0-0 d6 18. Rfe1 e6 19. Bf4 Be7 20. Red1 Rb6 21. Ra2 0-0 22. Rad2 Ne8 23. Bb5 Bf6 24. Bxe8 Bxc3 25. Rd3 Bf6 26. Ba4 d5 27. Bc7 Rxa6 28. Bb5 Ra2 29. Bd6 Rd8 30. Bc7 Rf8 31. Bd6 Rd8 32. Bc7 Rf8 1/2-1/2

[Event "RUS-ch Eurasia Cup op"]
[Site "Ekaterinburg"]
[Date "2018.08.04"]
[Round "4"]
[White "Yuferev, Oleg"]
[Black "Dubnikova, Anastasia"]
[Result "1/2-1/2"]
[WhiteElo "2223"]
[BlackElo "1941"]
[PlyCount "115"]
[EventDate "2018.08.01"]
[EventType "swiss"]
[EventRounds "9"]
[EventCountry "RUS"]
[SourceTitle "CBM 185 Extra"]
[Source "ChessBase"]
[SourceDate "2018.07.29"]
[SourceVersion "1"]
[SourceVersionDate "2018.07.29"]
[SourceQuality "1"]

1. c4 e6 2. Nf3 d5 3. d4 Nf6 4. g3 Bb4+ 5. Bd2 Be7 6. Bg2 0-0 7. 0-0 c6 8. Na3 b6 9. Rc1 Bb7 10. Qb3 Nbd7 11. cxd5 exd5 12. Bf4 Re8 13. Rfe1 a5 14. Ne5 Nxe5 15. Bxe5 Nd7 16. Bf4 Bb4 17. Red1 Qe7 18. Bf3 a4 19. Qe3 Qf6 20. Qd3 Ba6 21. Qc2 Bxa3 22. bxa3 Bc4 23. e4 b5 24. e5 Qg6 25. Qd2 Nf8 26. Be3 f6 27. exf6 Qxf6 28. Kg2 Qe7 29. Rc3 Ne6 30. h4 Qf6 31. Bg4 h6 32. Kh2 Re7 33. Re1 Rae8 34. Bh5 Rf8 35. Rcc1 Qf5 36. Bd1 g5 37. Bc2 Qg4 38. Bd1 Qf5 39. Bc2 Qf6 40. h5 Ng7 41. Bd1 Nf5 42. Rc2 Rfe8 43. Bg4 Nd6 44. Rb2 Nf5 45. Kg2 Nxe3+ 46. fxe3 Rf8 47. Qd1 Ref7 48. Qb1 Kg7 49. Kh2 Qd6 50. Rg2 Rf1 51. Rxf1 Bxf1 52. Rd2 Bc4 53. Qc2 Qf6 54. Rg2 Kh8 55. Bd7 Kg7 56. Bg4 Rf7 57. Bc8 Rf8 58. Bg4 1/2-1/2

[Event "RUS-ch Eurasia Cup op"]
[Site "Ekaterinburg"]
[Date "2018.08.02"]
[Round "2"]
[White "Yuferev, Oleg"]
[Black "Mokshanov, Alexey"]
[Result "1/2-1/2"]
[WhiteElo "2223"]
[BlackElo "2439"]
[PlyCount "80"]
[EventDate "2018.08.01"]
[EventType "swiss"]
[EventRounds "9"]
[EventCountry "RUS"]
[SourceTitle "CBM 185 Extra"]
[Source "ChessBase"]
[SourceDate "2018.07.29"]
[SourceVersion "1"]
[SourceVersionDate "2018.07.29"]
[SourceQuality "1"]

1. Nf3 d5 2. d4 Nf6 3. c4 e6 4. g3 dxc4 5. Bg2 a6 6. 0-0 Nc6 7. Bg5 Be7 8. e3 Bd7 9. Qc1 b5 10. b3 cxb3 11. axb3 Nd5 12. Bxe7 Ncxe7 13. Nbd2 0-0 14. Ne4 b4 15. Re1 Bb5 16. Bf1 Bxf1 17. Rxf1 Nf5 18. Nc5 Nc3 19. Re1 a5 20. Qd2 Ra7 21. Qd3 Qa8 22. Ng5 h6 23. Nge4 Nxe4 24. Nxe4 a4 25. Rxa4 Rxa4 26. bxa4 Qxa4 27. Rb1 Nd6 28. Nc5 Qa3 29. Qb3 Qxb3 30. Rxb3 Rb8 31. Nd3 Ne4 32. Rxb4 Rxb4 33. Nxb4 c5 34. dxc5 Nxc5 35. Kf1 Kf8 36. Ke2 Ke7 37. f3 Kd6 38. e4 e5 39. Ke3 f6 40. Ke2 Ke6 1/2-1/2

[Event "Riga Tech op 7th"]
[Site "Riga"]
[Date "2017.08.07"]
[Round "1"]
[White "Kryakvin, Dmitry"]
[Black "Yuferev, Oleg"]
[Result "1/2-1/2"]
[WhiteElo "2583"]
[BlackElo "2233"]
[PlyCount "104"]
[EventDate "2017.08.07"]
[EventType "swiss"]
[EventRounds "9"]
[EventCountry "LAT"]
[SourceTitle "CBM 179 Extra"]
[Source "ChessBase"]
[SourceDate "2017.08.23"]
[SourceVersion "1"]
[SourceVersionDate "2017.08.23"]
[SourceQuality "1"]

1. c4 c5 2. g3 Nc6 3. Bg2 g6 4. Nc3 Bg7 5. a3 b6 6. b4 Bb7 7. Bb2 d6 8. Qb1 Qd7 9. Nf3 Nd4 10. 0-0 Nxf3+ 11. exf3 Nf6 12. Ne4 0-0 13. Nxf6+ Bxf6 14. Bxf6 exf6 15. d4 d5 16. dxc5 dxc4 17. Rc1 Bd5 18. Qb2 Qf5 19. Qd4 bxc5 20. Qxc5 Rfc8 21. Qd4 Qe5 22. Qxe5 fxe5 23. Rc3 Rab8 24. Re1 a5 25. Rxe5 axb4 26. axb4 Be6 27. b5 Bd7 28. Bf1 Rxb5 29. f4 Rb1 30. Kg2 Be6 31. Be2 Rb3 32. Ree3 Kf8 33. Kf3 Bd5+ 34. Kg4 Rxc3 35. Rxc3 Ke7 36. f5 Kd6 37. Kg5 Ke5 38. fxg6 hxg6 39. h4 Kd4 40. Rc1 Be6 41. g4 c3 42. h5 gxh5 43. gxh5 c2 44. Kf6 Bb3 45. Kg7 f5 46. h6 Kc3 47. h7 Kd2 48. Rxc2+ Bxc2 49. Ba6 Rc7+ 50. Kh6 Rxh7+ 51. Kxh7 f4+ 52. Kh6 Ke1 1/2-1/2

[Event "Pardubice Czech op-A 28th"]
[Site "Pardubice"]
[Date "2017.07.21"]
[Round "1"]
[White "Krejci, Jan1"]
[Black "Yuferev, Oleg"]
[Result "1/2-1/2"]
[WhiteElo "2519"]
[BlackElo "2247"]
[PlyCount "69"]
[EventDate "2017.07.21"]
[EventType "swiss"]
[EventRounds "9"]
[EventCountry "CZE"]
[SourceTitle "CBM 179 Extra"]
[Source "ChessBase"]
[SourceDate "2017.08.23"]
[SourceVersion "1"]
[SourceVersionDate "2017.08.23"]
[SourceQuality "1"]

1. e4 c5 2. Nf3 e6 3. d4 cxd4 4. Nxd4 a6 5. Nc3 Qc7 6. Bd3 Bc5 7. Nb3 Be7 8. 0-0 Nf6 9. Qe2 d6 10. a4 b6 11. f4 Nbd7 12. Bd2 Bb7 13. Rae1 g6 14. Kh1 0-0 15. e5 Nh5 16. Be4 Bxe4 17. Qxe4 Rac8 18. Nd4 Ng7 19. b3 Rfd8 20. Nf3 d5 21. Qe2 Qb7 22. Rd1 Rc7 23. Ne1 Rdc8 24. Na2 Nf5 25. Be3 h5 26. Nc1 Bc5 27. Bd2 Bd4 28. Ncd3 Kg7 29. Rc1 b5 30. Ba5 Bb6 31. Bxb6 Qxb6 32. axb5 Qxb5 33. Qf2 Nc5 34. Nxc5 Qxc5 35. Qd2 1/2-1/2

[Event "Wch Seniors 50 26th"]
[Site "Marianske Lazne"]
[Date "2016.11.21"]
[Round "3"]
[White "Bruno, Fabio"]
[Black "Yuferev, Oleg"]
[Result "1/2-1/2"]
[WhiteElo "2435"]
[BlackElo "2239"]
[PlyCount "151"]
[EventDate "2016.11.19"]
[EventType "swiss"]
[EventRounds "11"]
[EventCountry "CZE"]
[SourceTitle "CBM 175 Extra"]
[Source "ChessBase"]
[SourceDate "2016.12.12"]
[SourceVersion "1"]
[SourceVersionDate "2016.12.12"]
[SourceQuality "1"]

1. d4 d5 2. Nf3 Nf6 3. c4 dxc4 4. e3 a6 5. Bxc4 e6 6. 0-0 c5 7. Bb3 Be7 8. Nc3 0-0 9. Qe2 Nbd7 10. Rd1 Qc7 11. e4 cxd4 12. Nxd4 Re8 13. Be3 Nc5 14. Rac1 Nxb3 15. Nxb3 Qb8 16. Na4 Nd7 17. Nb6 Nxb6 18. Bxb6 Bd6 19. h3 e5 20. Na5 Be6 21. Nc4 Bf8 22. Rc2 Rc8 23. b3 Be7 24. Qe3 Rc6 25. Rcd2 h6 26. Na5 Bg5 27. Nxc6 Bxe3 28. Nxb8 Bxd2 29. Bc7 Bc3 30. Rd8+ Kh7 31. Nc6 Rxd8 32. Nxd8 b5 33. Kf1 Kg8 34. Nxe6 fxe6 35. Ke2 Kf7 36. Kd3 Bb2 37. a4 h5 38. axb5 axb5 39. Bd6 g5 40. Bb4 Bd4 41. f3 Bb6 42. Be1 Kg6 43. h4 g4 44. Ke2 Bc5 45. Bg3 Bd6 46. Be1 Be7 47. Bf2 Bd6 48. Bg3 Bc7 49. Be1 Bd8 50. g3 Be7 51. Ba5 Bd6 52. Bb6 Kh6 53. fxg4 hxg4 54. Kd3 Kg6 55. Be3 Bb4 56. Bd2 Bc5 57. Bc3 Kf6 58. Ke2 Bd6 59. Be1 Kg6 60. Bf2 Kf6 61. Kd3 Bb4 62. Ke3 Kg6 63. Ke2 Kf6 64. Bb6 Bd6 65. Bd8+ Kg6 66. Bg5 Bc5 67. Bd2 Bd6 68. Kd3 Bc5 69. Bc3 Kf6 70. Ke2 Bd6 71. Bd2 Kg6 72. Kd3 Bc5 73. Be3 Bb4 74. Bd2 Bc5 75. Be3 Bb4 76. Bd2 1/2-1/2

[Event "Wch Seniors 50 26th"]
[Site "Marianske Lazne"]
[Date "2016.11.19"]
[Round "1"]
[White "Bartonicek, Zdenek"]
[Black "Yuferev, Oleg"]
[Result "0-1"]
[WhiteElo "1894"]
[BlackElo "2239"]
[PlyCount "78"]
[EventDate "2016.11.19"]
[EventType "swiss"]
[EventRounds "11"]
[EventCountry "CZE"]
[SourceTitle "CBM 175 Extra"]
[Source "ChessBase"]
[SourceDate "2016.12.12"]
[SourceVersion "1"]
[SourceVersionDate "2016.12.12"]
[SourceQuality "1"]

1. e4 c5 2. c3 Nf6 3. e5 Nd5 4. Nf3 e6 5. d4 cxd4 6. cxd4 d6 7. Bc4 Be7 8. 0-0 0-0 9. Nc3 Nxc3 10. bxc3 Qc7 11. Qd3 Nd7 12. Bf4 b6 13. Bb3 Bb7 14. Rfe1 Rac8 15. Rac1 g6 16. Bg5 Rfe8 17. Bxe7 Rxe7 18. exd6 Qxd6 19. Ne5 Nxe5 20. Rxe5 Rec7 21. Qg3 Qxd4 22. Re3 Qf6 23. h4 Rc5 24. Bd1 Kg7 25. Bf3 Bxf3 26. Rxf3 Qe5 27. Qxe5+ Rxe5 28. Rc2 Rc4 29. g3 Rd5 30. Re3 Kf6 31. Kg2 Ke7 32. Kf3 Kd6 33. Ke2 e5 34. Rd3 e4 35. Rxd5+ Kxd5 36. Ke3 Ke5 37. Kd2 b5 38. Ke3 b4 39. Kd2 Rxc3 0-1

[Event "EU-ch Seniors 50 16th"]
[Site "Yerevan"]
[Date "2016.06.08"]
[Round "4"]
[White "Yuferev, Oleg"]
[Black "Bagaturov, Giorgi"]
[Result "1/2-1/2"]
[WhiteElo "2176"]
[BlackElo "2393"]
[PlyCount "103"]
[EventDate "2016.06.05"]
[EventType "swiss"]
[EventRounds "9"]
[EventCountry "ARM"]
[SourceTitle "CBM 172 Extra"]
[Source "ChessBase"]
[SourceDate "2016.06.21"]
[SourceVersion "1"]
[SourceVersionDate "2016.06.21"]
[SourceQuality "1"]

1. Nf3 d5 2. d4 Nf6 3. c4 e6 4. g3 Bb4+ 5. Bd2 Be7 6. Bg2 0-0 7. 0-0 c6 8. Qc2 b6 9. Rd1 Ba6 10. b3 Nbd7 11. a4 Rc8 12. a5 c5 13. axb6 Qxb6 14. Qa2 Bb7 15. Ba5 Qd6 16. Nbd2 Qb8 17. e3 a6 18. Qb2 Qa8 19. Ne5 cxd4 20. Qxd4 Nxe5 21. Qxe5 Nd7 22. Qh5 Bf6 23. Rab1 Ne5 24. f4 Nc6 25. Bb6 Ne7 26. e4 dxc4 27. bxc4 Bc3 28. Qe2 a5 29. Rbc1 Qa6 30. Qe3 Bb4 31. c5 Bc6 32. Nc4 Ba4 33. Rd6 Bb5 34. Na3 Bc6 35. Nc2 Qb7 36. Nd4 Qb8 37. Nxc6 Rxc6 38. Rxc6 Nxc6 39. e5 Ne7 40. Qd3 Nc8 41. Bd8 Qa7 42. Qd4 h6 43. Be4 Ba3 44. Rc2 Bb4 45. Kg2 Ba3 46. Rc4 Bb2 47. Qd2 a4 48. Bb6 Nxb6 49. cxb6 Qxb6 50. Rb4 Bc1 51. Rxb6 Bxd2 52. Ra6 1/2-1/2

[Event "Pardubice Infinity op 25th"]
[Site "Pardubice"]
[Date "2014.07.13"]
[Round "4"]
[White "Yuferev, Oleg"]
[Black "Shuvalova, Polina"]
[Result "1-0"]
[WhiteElo "2270"]
[BlackElo "2108"]
[PlyCount "67"]
[EventDate "2014.07.11"]
[EventType "swiss"]
[EventRounds "7"]
[EventCountry "CZE"]
[SourceTitle "EXT 2015"]
[Source "ChessBase"]
[SourceDate "2014.11.20"]
[SourceVersion "1"]
[SourceVersionDate "2014.11.20"]
[SourceQuality "1"]

1. c4 Nf6 2. Nf3 g6 3. Nc3 Bg7 4. e4 d6 5. d4 0-0 6. Be2 e5 7. 0-0 Nc6 8. d5 Ne7 9. Nd2 c6 10. a3 b5 11. dxc6 bxc4 12. Bxc4 Nxc6 13. b4 Be6 14. Bxe6 fxe6 15. Nb3 a5 16. b5 Nd4 17. Be3 Rc8 18. Rc1 Rxc3 19. Rxc3 Nxb5 20. Rc1 a4 21. Nd2 Qa8 22. Rc4 Qb7 23. Rb4 Qd7 24. Qxa4 Nc3 25. Qxd7 Nxd7 26. Rb7 Nf6 27. f3 d5 28. Ra1 dxe4 29. Nxe4 Nfxe4 30. fxe4 Nxe4 31. a4 Nc3 32. a5 e4 33. Rxg7+ Kxg7 34. Bd4+ 1-0

[Event "Nezhmetdinov Memorial 36th"]
[Site "Kazan"]
[Date "2014.06.06"]
[Round "7"]
[White "Petrov, Nikita"]
[Black "Yuferev, Oleg"]
[Result "1/2-1/2"]
[WhiteElo "2359"]
[BlackElo "2250"]
[PlyCount "57"]
[EventDate "2014.05.31"]
[EventType "swiss"]
[EventRounds "9"]
[EventCountry "RUS"]
[SourceTitle "CBM 160 Extra"]
[Source "ChessBase"]
[SourceDate "2014.07.01"]
[SourceVersion "1"]
[SourceVersionDate "2014.07.01"]
[SourceQuality "1"]

1. e4 c5 2. Nf3 e6 3. c3 Nf6 4. e5 Nd5 5. d4 cxd4 6. cxd4 d6 7. Bc4 Be7 8. 0-0 0-0 9. Qe2 b6 10. Bd2 Bb7 11. Nc3 Nxc3 12. Bxc3 Nd7 13. Rfd1 Qc7 14. d5 exd5 15. Bxd5 Bxd5 16. Rxd5 dxe5 17. Nxe5 Nf6 18. Rd3 Rfe8 19. Ng4 Qf4 20. Rg3 Kf8 21. Ne5 Rad8 22. Rf3 Qa4 23. b3 Qh4 24. g3 Qh5 25. g4 Nxg4 26. Nxg4 Qxg4+ 27. Rg3 Qxe2 28. Bxg7+ Kg8 29. Bf6+ 1/2-1/2

[Event "Nezhmetdinov Memorial 36th"]
[Site "Kazan"]
[Date "2014.06.04"]
[Round "5"]
[White "Fedorov, Alexei"]
[Black "Yuferev, Oleg"]
[Result "1-0"]
[WhiteElo "2574"]
[BlackElo "2250"]
[PlyCount "51"]
[EventDate "2014.05.31"]
[EventType "swiss"]
[EventRounds "9"]
[EventCountry "RUS"]
[SourceTitle "CBM 160 Extra"]
[Source "ChessBase"]
[SourceDate "2014.07.01"]
[SourceVersion "1"]
[SourceVersionDate "2014.07.01"]
[SourceQuality "1"]

1. e4 e6 2. d4 d5 3. Nc3 Nf6 4. e5 Nfd7 5. Nce2 c5 6. c3 b5 7. Nf3 b4 8. cxb4 cxb4 9. Nf4 Nc6 10. Be2 Qb6 11. 0-0 Be7 12. h4 Ba6 13. Bxa6 Qxa6 14. Be3 Rc8 15. Nh2 Nf8 16. h5 f5 17. exf6 gxf6 18. Qg4 Kf7 19. Rfe1 Bd6 20. Qh4 Bxf4 21. Qxf4 Nd7 22. Ng4 Rhf8 23. Nh6+ Ke8 24. Qd6 Ncb8 25. Bf4 Rc6 26. Rxe6+ 1-0

[Event "Nezhmetdinov Memorial 36th"]
[Site "Kazan"]
[Date "2014.05.31"]
[Round "1"]
[White "Andriasian, Zaven"]
[Black "Yuferev, Oleg"]
[Result "1-0"]
[WhiteElo "2611"]
[BlackElo "2250"]
[PlyCount "83"]
[EventDate "2014.05.31"]
[EventType "swiss"]
[EventRounds "9"]
[EventCountry "RUS"]
[SourceTitle "CBM 160 Extra"]
[Source "ChessBase"]
[SourceDate "2014.07.01"]
[SourceVersion "1"]
[SourceVersionDate "2014.07.01"]
[SourceQuality "1"]

1. Nf3 Nf6 2. c4 e6 3. g3 d5 4. Bg2 Be7 5. 0-0 0-0 6. Nc3 c6 7. d4 Nbd7 8. Bf4 Nh5 9. Bd2 Nb6 10. c5 Nc4 11. Bc1 b6 12. Na4 Nf6 13. b3 Na5 14. Bd2 Nd7 15. Rc1 Ba6 16. Re1 Rc8 17. Bxa5 bxa5 18. e4 dxe4 19. Rxe4 Nf6 20. Re1 Nd5 21. Nc3 Qc7 22. Ne5 Rfd8 23. Nxd5 cxd5 24. Rc3 Bf6 25. Bh3 Bxe5 26. Rxe5 Rb8 27. a3 a4 28. b4 Bb5 29. Rf3 Rf8 30. Qe1 a5 31. bxa5 Bc4 32. Bg4 g6 33. h4 Rb5 34. a6 Rfb8 35. Qd2 Kg7 36. h5 Rb1+ 37. Kh2 Bxa6 38. Qg5 Qd8 39. Rxf7+ Kxf7 40. Bxe6+ Kg7 41. h6+ Kh8 42. Bc8 1-0

[Event "Voronezh Rating op 03-A"]
[Site "Voronezh"]
[Date "2014.03.08"]
[Round "8"]
[White "Polyansky, Viktor"]
[Black "Yuferev, Oleg"]
[Result "0-1"]
[WhiteElo "1946"]
[BlackElo "2243"]
[PlyCount "70"]
[EventDate "2014.03.01"]
[EventType "swiss"]
[EventRounds "9"]
[EventCountry "RUS"]
[SourceTitle "EXT 2015"]
[Source "ChessBase"]
[SourceDate "2014.11.20"]
[SourceVersion "1"]
[SourceVersionDate "2014.11.20"]
[SourceQuality "1"]

1. e4 c5 2. Nf3 e6 3. c3 Nf6 4. e5 Nd5 5. d4 cxd4 6. cxd4 d6 7. Be2 Be7 8. 0-0 0-0 9. Nc3 Nxc3 10. bxc3 Qc7 11. Qd3 Nd7 12. Bf4 dxe5 13. Nxe5 Bd6 14. Nxd7 Bxd7 15. Bxd6 Qxd6 16. Bf3 Bc6 17. Bxc6 Qxc6 18. Rab1 Rac8 19. Rb3 Rfd8 20. f4 g6 21. Qf3 Rd5 22. Rfb1 b6 23. Ra3 Rc7 24. Rb4 a5 25. Rb1 a4 26. Rb4 b5 27. Qe2 Qd6 28. Qd2 Rd7 29. g3 f6 30. Qb2 Qc6 31. Qe2 e5 32. fxe5 fxe5 33. Qe4 Qd6 34. Qb1 Rf7 35. c4 Rxd4 0-1

[Event "Voronezh Rating op 03-A"]
[Site "Voronezh"]
[Date "2014.03.07"]
[Round "7"]
[White "Yuferev, Oleg"]
[Black "Filippov, Vladimir Mikhailovi"]
[Result "1-0"]
[WhiteElo "2243"]
[BlackElo "2001"]
[PlyCount "91"]
[EventDate "2014.03.01"]
[EventType "swiss"]
[EventRounds "9"]
[EventCountry "RUS"]
[SourceTitle "EXT 2015"]
[Source "ChessBase"]
[SourceDate "2014.11.20"]
[SourceVersion "1"]
[SourceVersionDate "2014.11.20"]
[SourceQuality "1"]

1. Nf3 Nf6 2. c4 g6 3. Nc3 Bg7 4. e4 d6 5. d4 0-0 6. Be2 e5 7. 0-0 Nc6 8. d5 Ne7 9. Nd2 Ne8 10. b4 f5 11. c5 f4 12. Bg4 h5 13. Bxc8 Qxc8 14. a4 Rf7 15. Ba3 Bf8 16. Nc4 Kh7 17. Qf3 Ng8 18. Rfc1 Ngf6 19. b5 g5 20. b6 g4 21. Qd3 axb6 22. cxd6 cxd6 23. Nxb6 Qd8 24. Nxa8 Qxa8 25. Nb5 Qd8 26. Rc4 h4 27. Nd4 Ng7 28. Ne6 Nxe6 29. dxe6 Rg7 30. g3 hxg3 31. fxg3 f3 32. Rb1 Qb8 33. Qb3 Qe8 34. Rb4 Qc6 35. Rc1 Qa6 36. Rbc4 Kg6 37. R1c2 Rh7 38. Bc1 Bh6 39. Bxh6 Kxh6 40. Qe3+ Kg6 41. h4 gxh3 42. Qxf3 h2+ 43. Kh1 Rh5 44. Rf2 Nh7 45. Qf7+ Kh6 46. Rf6+ 1-0

[Event "RUS-ch Higher League 66th"]
[Site "Ekaterinburg"]
[Date "2013.06.29"]
[Round "9"]
[White "Yuferev, Oleg"]
[Black "Kozlitin, Roman"]
[Result "0-1"]
[WhiteElo "2284"]
[BlackElo "2361"]
[PlyCount "92"]
[EventDate "2013.06.20"]
[EventType "swiss"]
[EventRounds "9"]
[EventCountry "RUS"]
[SourceTitle "CBM 155"]
[Source "ChessBase"]
[SourceDate "2013.07.16"]
[SourceVersion "1"]
[SourceVersionDate "2013.07.16"]
[SourceQuality "1"]

1. Nf3 Nf6 2. c4 c5 3. Nc3 Nc6 4. d4 cxd4 5. Nxd4 e6 6. a3 a6 7. e4 Qc7 8. Be2 Ne5 9. Be3 h5 10. h3 b6 11. f4 Nc6 12. e5 Nxd4 13. Qxd4 Bc5 14. Qd3 Bxe3 15. Qxe3 Ng8 16. Ne4 Ne7 17. Nd6+ Kf8 18. Bf3 Rb8 19. g4 Nc6 20. b4 Nd8 21. c5 bxc5 22. Rc1 Bb7 23. Rxc5 Bc6 24. Bxc6 Nxc6 25. g5 g6 26. 0-0 Kg7 27. Rd1 Rhd8 28. Rc3 Qb6 29. Qxb6 Rxb6 30. Ne4 a5 31. b5 Ne7 32. Nd6 a4 33. Rc5 Nf5 34. Nxf5+ gxf5 35. Rd6 Rxd6 36. exd6 Rb8 37. Kf2 h4 38. Ke3 Rb6 39. Rc4 Rxb5 40. Rxa4 Rb3+ 41. Ke2 Rxh3 42. Ra7 Rh2+ 43. Kf3 Ra2 44. a4 h3 45. Rc7 h2 46. Rc1 Rxa4 0-1

[Event "Chigorin Memorial 19th"]
[Site "St Petersburg"]
[Date "2011.10.20"]
[Round "7"]
[White "Yuferev, Oleg"]
[Black "Rjanova, Valery"]
[Result "1-0"]
[WhiteElo "2351"]
[BlackElo "2187"]
[PlyCount "65"]
[EventDate "2011.10.14"]
[EventType "swiss"]
[EventRounds "9"]
[EventCountry "RUS"]
[SourceTitle "CBM 144 Extra"]
[Source "ChessBase"]
[SourceDate "2011.10.28"]
[SourceVersion "1"]
[SourceVersionDate "2011.10.28"]
[SourceQuality "1"]

1. Nf3 Nf6 2. c4 g6 3. Nc3 Bg7 4. e4 d6 5. d4 0-0 6. Be2 e5 7. 0-0 Nc6 8. d5 Ne7 9. Nd2 Nd7 10. b4 f5 11. c5 dxc5 12. bxc5 Nxc5 13. Ba3 b6 14. Bxc5 bxc5 15. Qb3 Kh8 16. Qc4 Bb7 17. Rab1 Rb8 18. Qxc5 Nc8 19. Rfd1 Qe7 20. Nb3 Nd6 21. Na5 Ba8 22. Rxb8 Rxb8 23. Qxa7 Rf8 24. Qc5 Qf7 25. f3 Bh6 26. Nc4 Nb7 27. Qa3 fxe4 28. Nxe4 Qg7 29. Qa6 Rd8 30. Qe6 Qg8 31. Nxe5 Qxe6 32. dxe6 Be3+ 33. Kf1 1-0

[Event "Chigorin Memorial 19th"]
[Site "St Petersburg"]
[Date "2011.10.17"]
[Round "4"]
[White "Irinchinov, Vladimir"]
[Black "Yuferev, Oleg"]
[Result "0-1"]
[WhiteElo "2050"]
[BlackElo "2351"]
[PlyCount "118"]
[EventDate "2011.10.14"]
[EventType "swiss"]
[EventRounds "9"]
[EventCountry "RUS"]
[SourceTitle "CBM 144 Extra"]
[Source "ChessBase"]
[SourceDate "2011.10.28"]
[SourceVersion "1"]
[SourceVersionDate "2011.10.28"]
[SourceQuality "1"]

1. e4 c5 2. Nf3 e6 3. d4 cxd4 4. Nxd4 a6 5. Bd3 Qb6 6. Nb3 Qc7 7. 0-0 Nf6 8. Bg5 Be7 9. Nc3 d6 10. Qe2 0-0 11. Be3 b5 12. a3 Bb7 13. Bf4 Nbd7 14. Bg3 g6 15. f4 Nh5 16. Be1 e5 17. fxe5 dxe5 18. g3 Nb6 19. Na5 Bc8 20. b4 Be6 21. Nd1 Rac8 22. Ne3 Nf6 23. Rc1 Nc4 24. Bxc4 bxc4 25. Qf3 Qa7 26. Bf2 Qa8 27. Qe2 Qxe4 28. Rfe1 Nd7 29. Nd1 Qa8 30. Nc3 h5 31. Qe4 Qxe4 32. Nxe4 f5 33. Nc3 e4 34. Bd4 Bd8 35. Nb7 Bc7 36. Nc5 Nxc5 37. Bxc5 Be5 38. Na4 Rfd8 39. Rcd1 Kf7 40. Bb6 Rxd1 41. Rxd1 Rc6 42. Be3 Kf6 43. Nc5 g5 44. Bd4 c3 45. Kf2 Bxd4+ 46. Rxd4 Ke5 47. Rd8 f4 48. gxf4+ gxf4 49. Re8 a5 50. Nd7+ Kd4 51. Nf6 axb4 52. axb4 Rd6 53. b5 Bf5 54. Nxh5 Bg6 55. Rh8 e3+ 56. Ke2 Bxh5+ 57. Rxh5 Ke4 58. Rh8 f3+ 59. Ke1 f2+ 0-1

[Event "Moscow Aeroflot op-B 10th"]
[Site "Moscow"]
[Date "2011.02.15"]
[Round "8"]
[White "Guo, Qi"]
[Black "Yuferev, Oleg"]
[Result "1-0"]
[WhiteElo "2310"]
[BlackElo "2367"]
[PlyCount "111"]
[EventDate "2011.02.08"]
[EventType "swiss"]
[EventRounds "9"]
[EventCountry "RUS"]
[SourceTitle "CBM 140 Extra"]
[Source "ChessBase"]
[SourceDate "2011.03.01"]
[SourceVersion "1"]
[SourceVersionDate "2011.03.01"]
[SourceQuality "1"]

1. d4 d5 2. c4 dxc4 3. Nf3 Nf6 4. e3 a6 5. Bxc4 e6 6. a4 c5 7. 0-0 Nc6 8. Qe2 Qc7 9. Rd1 Be7 10. dxc5 0-0 11. b3 Bxc5 12. Bb2 e5 13. Nc3 Bg4 14. h3 Bh5 15. Nd5 Nxd5 16. Bxd5 Rfe8 17. Rac1 Bf8 18. g4 Bg6 19. Nxe5 Rxe5 20. Bxe5 Qxe5 21. f4 Qf6 22. f5 Bxf5 23. gxf5 Qxf5 24. Qg4 Qe5 25. Qf4 Qe7 26. Bxc6 bxc6 27. Rxc6 Rb8 28. Rc7 Qe6 29. Rf1 Bd6 30. Qxf7+ Qxf7 31. Rcxf7 h6 32. Rd7 Be5 33. Rf5 Bc3 34. Ra7 a5 35. Rb5 Re8 36. Kf2 Bd2 37. Raxa5 Bxa5 38. Rxa5 Kf7 39. Rb5 Ke6 40. h4 Kd6 41. Kf3 Rf8+ 42. Ke4 Kc6 43. b4 Rf1 44. Rc5+ Kd6 45. Rd5+ Kc7 46. Kd4 g6 47. Kc5 Rc1+ 48. Kb5 Re1 49. Rc5+ Kb7 50. Re5 g5 51. hxg5 hxg5 52. a5 g4 53. a6+ Kc7 54. Re7+ Kd6 55. Rg7 Rxe3 56. a7 1-0